Living history /

[The author writes] about her upbringing in suburban, middle-class America in the 1950s and her transformation from Goldwater Girl to student activist to controversial First Lady. [This book] is her revealing memoir of life through the White House years. It is also her chronicle of living history wi...

Full description

Bibliographic Details
Main Author: Clinton, Hillary Rodham
Format: Book
Language:English
Published: New York : Simon & Schuster, [2003]
Subjects:
Online Access:Sample text
Table of contents only
Publisher description
Contributor biographical information

MARC

Tag First Indicator Second Indicator Subfields
LEADER 00000cam a2200000 a 4500
001 in00001772721
005 20151025072511.0
008 030530s2003 nyua 000 0aeng
010 |a  2003276264 
019 |a 53025618  |a 58476759 
020 |a 0743222245 
020 |a 9780743222242 
035 |a (OCoLC)ocm52343577 
040 |a DLC  |c DLC  |d TXA  |d UtOrBLW 
043 |a n-us--- 
049 |a TXAM 
050 0 0 |a E887.C55  |b A3 2003b 
082 0 0 |a 973.929/092  |a B  |2 22 
100 1 |a Clinton, Hillary Rodham. 
245 1 0 |a Living history /  |c Hillary Rodham Clinton. 
264 1 |a New York :  |b Simon & Schuster,  |c [2003] 
264 4 |c ©2003 
300 |a xi, 562 pages :  |b illustrations ;  |c 24 cm. 
336 |a text  |b txt  |2 rdacontent 
337 |a unmediated  |b n  |2 rdamedia 
338 |a volume  |b nc  |2 rdacarrier 
505 0 |a American story -- University of life -- Class of '69 -- Yale -- Bill Clinton -- Arkansas traveler -- Little Rock -- Campaign odyssey -- Inauguration -- East wing, west wing -- Health care -- End of something -- Vince Foster -- Delivery room -- Whitewater -- Independent counsel -- D-Day -- Midterm break -- Conversation with Eleanor -- Silence is not spoken here -- Oklahoma City -- Women's rights are human rights -- Shutdown -- Time to speak -- War zones -- Prague summer -- Kitchen table -- Second term -- Into Africa -- Vital voices -- Third way -- Soldiering on -- Imagine the future -- August 1998 -- Impeachment -- Waiting for grace -- Dare to compete -- New York. 
520 |a [The author writes] about her upbringing in suburban, middle-class America in the 1950s and her transformation from Goldwater Girl to student activist to controversial First Lady. [This book] is her revealing memoir of life through the White House years. It is also her chronicle of living history with Bill Clinton. -Dust jacket. 
600 1 0 |a Clinton, Hillary Rodham. 
650 0 |a Presidents' spouses  |z United States  |v Biography. 
650 0 |a Women legislators  |z United States  |v Biography. 
650 0 |a Legislators  |z United States  |v Biography. 
610 1 0 |a United States.  |b Congress.  |b Senate  |v Biography. 
600 1 0 |a Clinton, Bill,  |d 1946- 
651 0 |a United States  |x Politics and government  |y 1993-2001. 
651 0 |a United States  |x Politics and government  |y 2001-2009. 
856 4 1 |3 Sample text  |u http://www.loc.gov/catdir/enhancements/fy0641/2003276264-s.html  |t 0 
856 4 2 |3 Table of contents only  |u http://www.loc.gov/catdir/enhancements/fy0631/2003276264-t.html  |t 0 
856 4 2 |3 Publisher description  |u http://www.loc.gov/catdir/description/simon041/2003276264.html  |t 0 
856 4 2 |3 Contributor biographical information  |u http://www.loc.gov/catdir/bios/simon052/2003276264.html  |t 0 
945 |a PromptCat 
946 |a qatar 
947 |a Q14800017533 
948 |a cataloged  |b h  |c 2003/6/16  |d c  |e ceaton  |f 3:21:33 pm 
994 |a 92  |b TXA 
999 |a MARS 
999 f f |s ab4d10f0-7b87-31bc-be49-07dd7442cdcf  |i 82e1b933-ae7d-30a1-9534-9a22d802a8e1  |t 0 
952 f f |p ric  |a Texas A&M University  |b Rellis Campus  |c Joint Library Facility  |d Remote Storage  |t 0  |e E887.C55 A3 2003b  |h Library of Congress classification  |i unmediated -- volume  |m A14831165848 
952 f f |p normal  |a Texas A&M University  |b College Station  |c Sterling C. Evans Library  |d Evans: Library Stacks  |t 0  |e E887.C55 A3 2003b  |h Library of Congress classification  |i unmediated -- volume  |m A14830455761 
998 f f |a E887.C55 A3 2003b  |t 0  |l Remote Storage 
998 f f |a E887.C55 A3 2003b  |t 0  |l Evans: Library Stacks